Normal view MARC view
  • Wild, John J , Larson, Kermit D , Chiappetta, Barbara

Entry Personal Name

Number of records used in: 1

001 - CONTROL NUMBER

  • control field: 64040

003 - CONTROL NUMBER IDENTIFIER

  • control field: NUST

005 - DATE AND TIME OF LATEST TRANSACTION

  • control field: 20210628203221.0

008 - FIXED-LENGTH DATA ELEMENTS

  • fixed length control field: 210628|| aca||aabn | a|a d

040 ## - CATALOGING SOURCE

  • Original cataloging agency: NUST
  • Transcribing agency: NUST

100 ## - HEADING--PERSONAL NAME

  • Personal name: Wild, John J , Larson, Kermit D , Chiappetta, Barbara

670 ## - SOURCE DATA FOUND

  • Source citation: Work cat.: (NUST): Wild, John J , Larson, Kermit D , Chiappetta, Barbara, Financial and managerial accounting information for decisions, 2005
© 2023 Central Library, National University of Sciences and Technology. All Rights Reserved.